Joseph Beuys : Cristus Denken = Joseph Beuys : pensar Cristo /
Đã lưu trong:
| Tác giả chính: | |
|---|---|
| Định dạng: | Sách |
| Ngôn ngữ: | Tiếng Tây Ban Nha |
| Được phát hành: |
Barcelona, España :
Herder,
1997, c1997
|
| Những chủ đề: | |
| Các nhãn: |
Không có thẻ, Là người đầu tiên thẻ bản ghi này!
|
MARC
| LEADER | 00000nam^a2200000^a^4500 | ||
|---|---|---|---|
| 001 | 000161110 | ||
| 005 | 20250521000000.0 | ||
| 009 | 20260310100748.279 | ||
| 020 | |a 84-254-2001-6 | ||
| 037 | |a Acervo ITESO - Biblioteca | ||
| 041 | |a ESP | ||
| 082 | |a 701. 17 |b MEN | ||
| 100 | |a Mennekes, Friedhelm |e (autor) | ||
| 245 | 1 | 0 | |a Joseph Beuys : |b Cristus Denken = Joseph Beuys : pensar Cristo / |c F. Mennekes ; tr. por Juan José Priego Borrego. |
| 264 | 4 | |a Barcelona, España : |b Herder, |c 1997, c1997 | |
| 300 | |a 239 p. | ||
| 336 | |a texto |b txt |2 rdacontenido | ||
| 337 | |a sin mediación |b n |2 rdamedio | ||
| 338 | |a volumen |b nc |2 rdasoporte | ||
| 500 | |a Traducción de: Joseph Beuys: Cristus Denken-Thinking Christ | ||
| 546 | |a Edición bilingüe español-alemán | ||
| 649 | |a XX | ||
| 650 | |a Artistas Alemanes - |x Entrevistas | ||
| 650 | |a Jesucristo en el Arte | ||
| 650 | |a Creación (Literaria, Artística, etc.) | ||
| 650 | |a Arte Conceptual - |x Historia y Crítica | ||
| 650 | |a Arte Alemán - |y Siglo XX | ||
| 650 | |a Arte Alemán - |x Historia y Crítica | ||
| 650 | |a Arte y Sociedad - |x Historia y Crítica | ||
| 650 | |a Arte y Religión - |x Historia y Crítica | ||
| 650 | |a Beuys, Joseph | ||
| 910 | |a Fondo General | ||
| 920 | |a Impresos - Libros | ||
| 930 | |a Colección General | ||
| 905 | |a 101 | ||
| 901 | |a 0500092521 |b IT1 |c ACC |u 20250521 | ||
| 902 | |a https://opac.biblio.iteso.mx/vufind/Record/000161110 | ||